| Tag |
First Indicator |
Second Indicator |
Subfields |
| LEADER |
00000cam a2200000 4500 |
| 001 |
in00001982981 |
| 006 |
m | d | |
| 007 |
cr |n||||||||n |
| 008 |
791208s1732 enk|||| s 00||||eng d |
| 005 |
20260407204611.2 |
| 035 |
|
|
|a (CStRLIN)ESTCT74345
|
| 040 |
|
|
|a Uk-ES
|c Uk-ES
|d CStRLIN
|d Thomson Gale
|d UtOrBLW
|
| 100 |
1 |
|
|a Doddridge, Philip,
|d 1702-1751.
|
| 245 |
1 |
0 |
|a Sermons on the religious education of children :
|b preached at Northampton. By P. Doddridge. With a recommendatory preface by the Reverend Mr. D. Some.
|
| 264 |
|
3 |
|a London :
|b printed for R. Hett,
|c 1732.
|
| 300 |
|
|
|a xvi,152p. ;
|c 16⁰.
|
| 336 |
|
|
|a text
|b txt
|2 rdacontent
|
| 337 |
|
|
|a computer
|b c
|2 rdamedia
|
| 338 |
|
|
|a online resource
|b cr
|2 rdacarrier
|
| 500 |
|
|
|a Reproduction of original from the British Library.
|
| 510 |
4 |
|
|a English Short Title Catalog,
|c ESTCT74345.
|
| 533 |
|
|
|a Electronic reproduction.
|b Farmington Hills, Mich. :
|c Thomson Gale,
|d 2003.
|n Available via the World Wide Web.
|n Access limited by licensing agreements
|7 s2003 miunns
|
| 500 |
|
|
|a Electronic resource.
|
| 830 |
|
0 |
|a Eighteenth century collections online.
|
| 856 |
4 |
0 |
|u http://proxy.library.tamu.edu/login?url=https://galenet.galegroup.com/servlet/ECCO?c=1&stp=Author&ste=11&af=BN&ae=T074345&tiPG=1&dd=0&dc=flc&docNum=CW117895389&vrsn=1.0&srchtp=a&d4=0.33&n=10&SU=0LRF&locID=txshracd2898
|z Full text online
|t 0
|
| 999 |
|
|
|a MARS
|
| 999 |
f |
f |
|s 15360470-507c-3ee6-b771-01468c95a9ed
|i 524bdd31-0f48-3819-b936-97dea5c0492d
|t 0
|
| 952 |
f |
f |
|a Texas A&M University
|b College Station
|c Electronic Resources
|s www_evans
|d Available Online
|t 0
|h No information provided
|
| 998 |
f |
f |
|t 0
|l Available Online
|